[Event "Litomysl op"]
[Site "Litomysl"]
[Date "2006.12.29"]
[Round "5"]
[White "Van Nieuwenhuizen, Hans"]
[Black "Zelezny, Jiri"]
[Result "1-0"]
[WhiteElo "1955"]
[BlackElo "2120"]
[PlyCount "77"]
[EventDate "2006.12.26"]
[EventType "swiss"]
[EventRounds "9"]
[EventCountry "CZE"]
[SourceTitle "CBM 116 Extra"]
[Source "ChessBase"]
[SourceDate "2007.03.07"]
[SourceVersion "1"]
[SourceVersionDate "2007.03.07"]
[SourceQuality "1"]

1. d4 d5 2. c4 e6 3. Nc3 Nf6 4. Bg5 Be7 5. e3 0-0 6. Nf3 a6 7. Qc2 Nbd7 8. Bd3 dxc4 9. Bxc4 b5 10. Bd3 Bb7 11. Ne5 c5 12. Nxd7 Nxd7 13. Bxe7 Qxe7 14. Bxh7+ Kh8 15. Be4 Bxe4 16. Qxe4 c4 17. 0-0 Nf6 18. Qh4+ Kg8 19. Ne4 Nd5 20. Ng5 Nf6 21. f4 g6 22. e4 Kg7 23. e5 Nh5 24. g4 Rh8 25. gxh5 Rxh5 26. Qg3 Rah8 27. Rf2 Qd8 28. Qe3 Qd5 29. Re1 b4 30. Qe4 Qa5 31. Qb7 b3 32. Qxf7+ Kh6 33. Ra1 c3 34. Qxe6 cxb2 35. Rxb2 Qc3 36. Qxb3 Qxd4+ 37. Kh1 Rf8 38. Qb7 Qxf4 39. Ne6 1-0

[Event "Litomysl op"]
[Site "Litomysl"]
[Date "2005.12.28"]
[Round "4"]
[White "Jurkiewicz, Krzysztof"]
[Black "Van Nieuwenhuizen, Hans"]
[Result "1-0"]
[WhiteElo "2151"]
[BlackElo "1843"]
[PlyCount "47"]
[EventDate "2005.12.26"]
[EventType "swiss"]
[EventRounds "9"]
[EventCountry "CZE"]
[SourceTitle "CBM 110 Extra"]
[Source "ChessBase"]
[SourceDate "2006.03.10"]
[SourceVersion "2"]
[SourceVersionDate "2006.03.10"]
[SourceQuality "1"]

1. d4 Nf6 2. c4 e6 3. g3 d5 4. Bg2 c6 5. Nf3 Bd6 6. c5 Bc7 7. b4 a5 8. Qa4 b5 9. cxb6 Bxb6 10. 0-0 Ba6 11. Nc3 Ne4 12. Nxe4 dxe4 13. Ne5 Bxd4 14. Nxc6 Qd7 15. Bxe4 Bxa1 16. Rd1 Qxd1+ 17. Qxd1 Nd7 18. Nxa5 Rc8 19. Bc6 0-0 20. b5 Ne5 21. Ba3 Nxc6 22. Nxc6 Bxb5 23. Ne7+ Kh8 24. Nxc8 1-0